000 00301nam a2200109Ia 4500
008 210430s9999 xx 000 0 und d
082 _a470 K581H
100 _aMir hussain Ali khan Kirmani
_954658
245 _aHistory of Tipu Sultan
_cMir hussain Ali khan Kirmani
300 _a186
942 _cBK
_2ddc
999 _c565300
_d565300